000
00337nam a2200133Ia 4500
008
240624s9999 xx 000 0 und d
041
_a
eng
082
_a
332 DAV
100
_a
DAVIES DAVID
245
_a
FINANCE FOR HR MANAGERS
260
_c
2007
_a
Mumbai
_b
Jaico Publishing House
300
_a
ix, : 213 : p. : cm. ; 23
365
_c
RS
_b
30
999
_c
8241
_d
8241